[Event "Niedersachsen-chT U16"]
[Site "Stade"]
[Date "2007.05.19"]
[Round "5.3"]
[White "Matthes, Henning"]
[Black "Mueller, Mariko"]
[Result "1-0"]
[WhiteElo "1120"]
[BlackElo "1429"]
[PlyCount "112"]
[EventDate "2007.05.17"]
[EventType "team-tourn"]
[EventRounds "7"]
[EventCountry "GER"]
[SourceTitle "EXT 2008"]
[Source "ChessBase"]
[SourceDate "2007.11.25"]
[SourceVersion "1"]
[SourceVersionDate "2007.11.25"]
[SourceQuality "1"]

1. e4 e5 2. Nf3 Nc6 3. Bb5 d6 4. 0-0 Bd7 5. Nc3 Nf6 6. d3 Be7 7. Bg5 0-0 8. Re1 a6 9. Bxc6 Bxc6 10. Qd2 Kh8 11. Nh4 Bd7 12. f4 Nh5 13. Bxe7 Qxe7 14. Nf5 Bxf5 15. exf5 Nxf4 16. Qxf4 f6 17. Qg3 Rg8 18. Nd5 Qf7 19. c4 g6 20. fxg6 Rxg6 21. Qf3 Rag8 22. g3 b5 23. Rf1 Rf8 24. Rf2 bxc4 25. dxc4 c6 26. Nb6 Rb8 27. Qxc6 f5 28. Qd7 Qxd7 29. Nxd7 Rb7 30. Nxe5 dxe5 31. Rxf5 Re6 32. b3 Kg7 33. Re1 Rbe7 34. Rf2 Kg6 35. a4 Rb7 36. Rfe2 Kf5 37. Rb1 e4 38. b4 Rc6 39. Rc2 Ke5 40. Kf2 Kd4 41. Rd1+ Ke5 42. Rd5+ Kf6 43. b5 axb5 44. axb5 Re6 45. Ke3 Ra7 46. Rc3 Ra1 47. c5 Re1+ 48. Kf2 Rb1 49. c6 Rb2+ 50. Ke3 Re8 51. c7 Rc8 52. Rd8 Rxc7 53. Rxc7 Rxb5 54. Kxe4 h5 55. Rd5 Rxd5 56. Kxd5 Kg5 1-0

[Event "Niedersachsen-chT U16"]
[Site "Stade"]
[Date "2007.05.18"]
[Round "3.4"]
[White "Bermann, Yvo"]
[Black "Mueller, Mariko"]
[Result "1-0"]
[WhiteElo "1057"]
[BlackElo "1429"]
[PlyCount "71"]
[EventDate "2007.05.17"]
[EventType "team-tourn"]
[EventRounds "7"]
[EventCountry "GER"]
[SourceTitle "EXT 2008"]
[Source "ChessBase"]
[SourceDate "2007.11.25"]
[SourceVersion "1"]
[SourceVersionDate "2007.11.25"]
[SourceQuality "1"]

1. e4 e5 2. Nf3 Nc6 3. Bc4 Bc5 4. d3 h6 5. c3 Nf6 6. b4 Bb6 7. Qb3 0-0 8. a4 a6 9. Ba3 d6 10. Qa2 Bd7 11. h3 Ne7 12. a5 Ba7 13. Bb3 Ng6 14. g3 Qc8 15. Ng1 h5 16. Rh2 h4 17. g4 Nf4 18. Kd2 Nh7 19. Nf3 Nxh3 20. Nxe5 N7g5 21. Bxf7+ Nxf7 22. Nxd7 Qxd7 23. Rxh3 Qxg4 24. Rh1 Bxf2 25. Kc1 Qg2 26. Rxh4 Qf1+ 27. Kc2 Bxh4 28. Nd2 Qe2 29. Rg1 g5 30. Qe6 Rae8 31. Qg6+ Kh8 32. c4 Qf2 33. Rf1 Qe2 34. Rxf7 Rxf7 35. Qxf7 Rg8 36. Bb2+ 1-0